| 000 | 00801nam a2200193Ii 4500 | ||
|---|---|---|---|
| 003 | JO-AjNU | ||
| 008 | 230605s9999||||xx |||||||||||||| ||und|| | ||
| 040 |
_aJO-AjNU _bara _erda _cJO-AjNU |
||
| 041 | _aara | ||
| 050 | 1 | 4 | _aHT147.A7. K85 |
| 100 | 3 |
_aتأليف : كوستللو.ف. ف ؛ ترجمة: أبو بكر أحمد باقادر ؛ صياغة: هاني يحيى نصري, _eauthor _916331 |
|
| 245 | 0 | 0 | _aعلم الاجتماع الحضري : التمدين في الشرق الأوسط |
| 264 | 3 | 1 | _aبيروت: دار القلم |
| 300 |
_a206ص _bيحتوي على ببلوغرافية وملاحق من ص165-206ص |
||
| 336 |
_atext _btxt _2rdacontent |
||
| 337 |
_aunmediated _bn _2rdamedia |
||
| 338 |
_avolume _bnc _2rdacarrier |
||
| 650 | 4 |
_aعلم الاجتماع الحضري _916332 |
|
| 999 |
_aA4814 _c8382 _d8382 |
||